Largest Asian Countries By Area Quiz Stats

 Plays Quiz not verified by Sporcle

Score 0/10 Timer 04:00
0 Plays Today
Hint Answer % Correct
13 288 548 km2Russia
100%
9 596 961 km2China
100%
3 287 263 km2India
100%
2 149 690 km2Saudi Arabia
100%
2 455 034 km2Kazakhstan
98%
1 564 110 km2Mongolia
98%
1 472 639 km2Indonesia
98%
1 648 195 km2Iran
96.1%
882 363 km2Pakistan
94.1%
747 272 km2Turkey
88.2%

You're not logged in!

Compare scores with friends on all Sporcle quizzes.
OR
Log In

Sporcle TV

Today on Sporcle TV


Watch our educational content, quiz creation guides, and fun videos on Sporcle TV.

Show Comments

Extras

Created Aug 1, 2016ReportNominate
Tags:Country Quiz, area, largest

Top Quizzes Today


Score Distribution

Your Account Isn't Verified!

In order to create a playlist on Sporcle, you need to verify the email address you used during registration. Go to your Sporcle Settings to finish the process.

Report this User

Report this user for behavior that violates our Community Guidelines.

Details: